000 00526nam a2200193Ia 4500
005 20250508164126.0
008 008 250505s9999 xx 000 0 eng d
020 _a8185604-54-1
037 _aTextual
040 _aFEDL
_beng
_cFEDL
041 _aeng
_2eng
084 _a305.4, CHA
_qFEDL
100 _aChakravarti Uma
245 0 _aGendering caste: Through a feminist lens
260 _aCalcutta, India
_bStree
_c2003
300 _axvi,183p.
942 _cTEXL
_h305.4, CHA
999 _c1387189
_d1387189